Online
Catalog

Presidente, estadista y discípulo: (Record no. 52853)

MARC details
000 -CABECERA
campo de control de longitud fija 01179nam a2200253 a 4500
003 - IDENTIFICADOR DEL NÚMERO DE CONTROL
campo de control DO-SdBNP
005 - FECHA Y HORA DE LA ÚLTIMA TRANSACCIÓN
campo de control 20260305073957.0
007 - CAMPO FIJO DE DESCRIPCIÓN FÍSICA--INFORMACIÓN GENERAL
campo de control de longitud fija ta
008 - DATOS DE LONGITUD FIJA--INFORMACIÓN GENERAL
campo de control de longitud fija 221110e20142019dr aocbgr|||| 00| edspa d
020 ## - NÚMERO INTERNACIONAL ESTÁNDAR DEL LIBRO
Número Internacional Estándar del Libro 9798732611397, v.1
020 ## - NÚMERO INTERNACIONAL ESTÁNDAR DEL LIBRO
Número Internacional Estándar del Libro 9798730487093 v.2
040 ## - FUENTE DE LA CATALOGACIÓN
Centro catalogador/agencia de origen DO-SdBNP
Lengua de catalogación spa
Centro/agencia transcriptor BNPHU
082 #4 - NÚMERO DE LA CLASIFICACIÓN DECIMAL DEWEY
Número de edición 22
Número de documento/Ítem M516p
100 1# - ENTRADA PRINCIPAL--NOMBRE DE PERSONA
9 (RLIN) 25501
Nombre de persona Mejía, Manuel Antonio
245 10 - MENCIÓN DE TÍTULO
Título Presidente, estadista y discípulo:
Resto del título el líder más allá de las columnas dóricas palaciegas. /
Mención de responsabilidad, etc. Manuel Antonio Mejía
260 ## - PUBLICACIÓN, DISTRIBUCIÓN, ETC.
Lugar de publicación, distribución, etc. Santo Domingo :
Nombre del editor, distribuidor, etc. [s.n.],
Fecha de publicación, distribución, etc. 2014 - 2019
300 ## - DESCRIPCIÓN FÍSICA
Extensión 2 v. :
Otras características físicas il., fotograf., mapas, retr. ;
Dimensiones 29 cm.
500 ## - NOTA GENERAL
Nota general Recordemos el país que encontró el Presidente Leonel Fernández, al regresar a su terruño en su adolescencia, culminando la década de 1960 y empezando la de 1970.
505 ## - NOTA DE CONTENIDO CON FORMATO
Nota de contenido con formato v. 1.
Título Más que una Biografía sobre Leonel Fernández
Información miscelánea v.2.
Título Expresado en Imágenes. Obra de infraestructura (solo han sido tomados algunos ejemplares).
590 ## - NOTA LOCAL (RLIN)
Nota local Inventariado 2022 / MF
600 10 - PUNTO DE ACCESO ADICIONAL DE MATERIA--NOMBRE DE PERSONA
Nombre de persona Fernández, Leonel,
Fechas asociadas al nombre 1953-
Subdivisión de forma Biografía
Subdivisión geográfica República Dominicana
9 (RLIN) 7291
651 #4 - PUNTO DE ACCESO ADICIONAL DE MATERIA--NOMBRE GEOGRÁFICO
9 (RLIN) 81110
Nombre geográfico República Dominicana
Subdivisión de forma Estadistas
Subdivisión general Biografías
942 ## - ELEMENTOS DE PUNTO DE ACCESO ADICIONAL (KOHA)
Fuente del sistema de clasificación o colocación Dewey Decimal Classification
Tipo de ítem Koha Libro
Holdings
Estado de retiro Estado de pérdida Fuente del sistema de clasificación o colocación Restricciones de uso No para préstamo Código de colección Localización permanente Ubicación/localización actual Ubicación en estantería Fecha de adquisición Signatura topográfica completa Código de barras Fecha visto por última vez Número de copia Precio válido a partir de Tipo de ítem Koha
    Dewey Decimal Classification Excluido de préstamo   Patrimonio Dominicano Biblioteca Nacional Pedro Henríquez Ureña Biblioteca Nacional Pedro Henríquez Ureña En catalogación 10.11.2022 M516p 2022-5116 10.11.2022 v.1 10.11.2022 Libro
    Dewey Decimal Classification Excluido de préstamo   Patrimonio Dominicano Biblioteca Nacional Pedro Henríquez Ureña Biblioteca Nacional Pedro Henríquez Ureña En catalogación 10.11.2022 M516p 2022-5117 10.11.2022 v.2 10.11.2022 Fotografía

Powered by Koha